Catálogo

COMO ORGANIZAR UN TRABAJO DE INVESTIGACION (Registro nro. 55616)

Detalles MARC
000 -LEADER
fixed length control field 01159nam a2200217 a 4500
001 - CONTROL NUMBER
control field 55616
005 - DATE AND TIME OF LATEST TRANSACTION
control field 20180714051013.0
008 - FIXED-LENGTH DATA ELEMENTS--GENERAL INFORMATION
fixed length control field 140415s2008 mx 000 0 spa d
020 ## - INTERNATIONAL STANDARD BOOK NUMBER
International Standard Book Number 9789709720501
041 ## - LANGUAGE CODE
Language code of text/sound track or separate title spa
082 ## - DEWEY DECIMAL CLASSIFICATION NUMBER
Classification number 001.42
Item number MAR
100 1# - MAIN ENTRY--PERSONAL NAME
Personal name Martínez Aurioles, Bernardo,.
245 10 - TITLE STATEMENT
Title COMO ORGANIZAR UN TRABAJO DE INVESTIGACION
250 ## - EDITION STATEMENT
Edition statement 3a ed.
260 ## - PUBLICATION, DISTRIBUTION, ETC.
Place of publication, distribution, etc. MEXICO :
Name of publisher, distributor, etc. UNIVERSIDAD IBEROAMERICANA PUEBLA,
Date of publication, distribution, etc. 2008
300 ## - PHYSICAL DESCRIPTION
Extent 613
Dimensions 17 x 0.5 x 22.9
520 ## - SUMMARY, ETC.
Summary, etc. ESTE LIBRO PRESENTA, EN FORMA ESQUEMATICA Y COMO UNA GUIA, LOS ELEMENTOS BASICOS DEL PROCESO DE INVESTIGACION. SIN PRETENDER QUE SEA UN LIBRO DE TEXTO, DESEAMOS QUE EL ESTUDIANTE ENCUENTRE AQUI UN MEDIO DE APRENDIZAJE O DESARROLLO PARA IR REALIZANDO, POR SI MISMO, SUS INVESTIGACIONES, Y LO LLEVE, CUANDO ENCUENTRE CONCEPTOS O TEORIAS QUE DESCONOZCA O NO COMPRENDA, A LA CONSULTA DE OTRAS FUENTES BIBLIOGRAFICAS O A LOS EXPERTOS QUE LE AYUDEN A PROFUNDIZAR EN SU APRENDIZAJE.
650 14 - SUBJECT ADDED ENTRY--TOPICAL TERM
Topical term or geographic name entry element INVESTIGACION
General subdivision METODOLOGIA
-- INVESTIGACION
-- ESTUDIO Y ENSEANZA
700 1# - ADDED ENTRY--PERSONAL NAME
Personal name HINOJOSA R., GUILLERMO
Relator term pról.
700 1# - ADDED ENTRY--PERSONAL NAME
Personal name Almeida Acosta, F. H. Eduardo,
Relator term coaut.
Existencias
Withdrawn status Lost status Source of classification or shelving scheme Damaged status Not for loan Collection code Home library Current library Shelving location Date acquired Source of acquisition Inventory number Total Checkouts Full call number Barcode Date last seen Date last checked out Price effective from Koha item type
    Dewey Decimal Classification     General Biblioteca Karol Wojtyla Biblioteca Karol Wojtyla Sala general 03/12/2013 Compra 151000000000000000065310   '001.42 MAR 83424 05/01/2026 18/04/2016 03/12/2013 Libro